|
|
|
|
| LEADER |
02157nam a2200349 a 4500 |
| 001 |
14273608 |
| 008 |
110928s2007 nyua b 001 0 eng |
| 010 |
|
|
|a 2006004018
|
| 020 |
|
|
|a 1418030724 (alk. paper)
|
| 020 |
|
|
|a 9781418030728
|
| 040 |
|
|
|a DLC
|c DLC
|d BAKER
|d C#P
|d DLC
|d BD-DhAAL
|
| 042 |
|
|
|a pcc
|
| 082 |
0 |
0 |
|a 372.5
|2 22
|
| 100 |
1 |
|
|a Isbell, Rebecca T.
|
| 245 |
1 |
0 |
|a Creativity and the arts with young children /
|c Rebecca T. Isbell, Shirley C. Raines.
|
| 250 |
|
|
|a 2nd ed.
|
| 260 |
|
|
|a Clifton Park, NY :
|b Thomson Delmar Learning,
|c c2007.
|
| 300 |
|
|
|a xxiii, 392 p. :
|b ill. ;
|c 24 cm.
|
| 504 |
|
|
|a Includes bibliographical references and index.
|
| 541 |
|
|
|e 00023622
|
| 505 |
0 |
|
|a Creativity -- The creative teacher -- The role of play -- Understanding the visual arts -- Creating art -- Music, music, music -- Creative movement : more than the hokey pokey -- Creative drama -- Creativity across the curriculum -- Integrating the arts.
|
| 650 |
|
0 |
|a Arts
|x Study and teaching (Early childhood)
|
| 650 |
|
0 |
|a Creative ability in children.
|
| 700 |
1 |
|
|a Raines, Shirley C.
|
| 852 |
1 |
|
|a Ayesha Abed Library
|c General shelf.
|
| 999 |
|
|
|c 11269
|d 11269
|
| 952 |
|
|
|0 0
|1 0
|2 ddc
|4 0
|6 372_500000000000000_ISB
|7 0
|9 18257
|a BRACUL
|b BRACUL
|c GEN
|d 2011-09-29
|e IED, BU
|l 0
|o 372.5 ISB
|p 3010023622
|r 2011-09-29
|t 1
|w 2011-09-29
|y BK
|
| 952 |
|
|
|0 0
|1 0
|2 ddc
|4 0
|6 372_500000000000000_ISB
|7 0
|9 18258
|a BRACUL
|b BRACUL
|c GEN
|d 2011-09-29
|e IED, BU
|l 0
|o 372.5 ISB
|p 3010023623
|r 2011-09-29
|t 2
|w 2011-09-29
|y BK
|
| 952 |
|
|
|0 0
|1 0
|2 ddc
|4 0
|6 372_500000000000000_ISB
|7 0
|9 18259
|a BRACUL
|b BRACUL
|c GEN
|d 2011-09-29
|e IED, BU
|l 1
|o 372.5 ISB
|p 3010023624
|r 2016-04-03
|s 2016-03-28
|t 3
|w 2011-09-29
|y BK
|
| 952 |
|
|
|0 0
|1 0
|2 ddc
|4 0
|6 372_500000000000000_ISB
|7 0
|9 18260
|a BRACUL
|b BRACUL
|c GEN
|d 2011-09-29
|e IED, BU
|l 1
|o 372.5 ISB
|p 3010023625
|r 2012-12-26
|s 2012-12-24
|t 4
|w 2011-09-29
|y BK
|
| 952 |
|
|
|0 0
|1 0
|2 ddc
|4 0
|6 372_500000000000000_ISB
|7 0
|9 18261
|a BRACUL
|b BRACUL
|c GEN
|d 2011-09-29
|e IED, BU
|l 0
|o 372.5 ISB
|p 3010023626
|r 2011-09-29
|t 5
|w 2011-09-29
|y BK
|
| 952 |
|
|
|0 0
|1 0
|2 ddc
|4 0
|6 372_500000000000000_ISB
|7 0
|9 18262
|a BRACUL
|b BRACUL
|c GEN
|d 2011-09-29
|e IED, BU
|l 0
|o 372.5 ISB
|p 3010023627
|r 2011-09-29
|t 6
|w 2011-09-29
|y BK
|